000 00618nam a22001817a 4500
008 130821s1858 fr gr fre
040 _aCo-BoUCM
_bspa
041 0 0 _afre
100 _aGautier, Theóphile
_d1811-1872
_9132098
245 0 3 _aL'eRoman de la Momie L'Amé de la Maison la Toison D'or
_cTheóphile Gautier
260 _aParís (Francia)
_bBibliothéque Larousse
_c1858
300 _a236páginas
500 _aIncluye índice
650 0 4 _aLiteratura francesa
_97794
650 0 4 _aNovela francesa
_920506
942 _cLIBRO
_a18
_e1
_mG18
_n0
_2DEWEY
_h843.7
999 _c86182
_d86182